000 00775nam a2200229Ia 4500
001 15209
003 GE_BSU
008 181216s||||||||xx |||||||||||||| ||und||
040 _cGE_BSU
080 _a821.353.1-32
100 _aშერვაშიძე,ამირან
245 _aოქროს სამაჯურები
245 _bმოთხრობები
245 _cრედ:რევაზ ართილაყვა;მხატვ:თამაზ დიასამიძე
260 _aბათუმი
260 _bსაბჭოთა აჭარა
260 _c1979
300 _a156გვ;20სმ.
653 _aმოთხრობები
653 _aოქროს სამაჯურები
942 _cBK
999 _c48321
_d48321